Sustainability and Environmental Impact of Renewable Energy Sources (Record no. 62580)

000 -LEADER
fixed length control field 00624nam a22001937a 4500
003 - CONTROL NUMBER IDENTIFIER
control field NUST - PNEC
005 - DATE AND TIME OF LATEST TRANSACTION
control field 20170116180752.0
008 - FIXED-LENGTH DATA ELEMENTS--GENERAL INFORMATION
fixed length control field 150312b xxu||||| |||| 00| 0 eng d
020 ## - INTERNATIONAL STANDARD BOOK NUMBER
International Standard Book Number 0854042903
040 ## - CATALOGING SOURCE
Transcribing agency LIBRARY
082 ## - DEWEY DECIMAL CLASSIFICATION NUMBER
Classification number 333.794 HES
100 ## - MAIN ENTRY--PERSONAL NAME
9 (RLIN) 1744
Personal name Hester and R M Harrison
245 ## - TITLE STATEMENT
Title Sustainability and Environmental Impact of Renewable Energy Sources
Statement of responsibility, etc. Hester and R M Harrison
260 ## - PUBLICATION, DISTRIBUTION, ETC.
Place of publication, distribution, etc. U K
Name of publisher, distributor, etc. U K
Date of publication, distribution, etc. C 2003
300 ## - PHYSICAL DESCRIPTION
Extent 139 . :
600 ## - SUBJECT ADDED ENTRY--PERSONAL NAME
9 (RLIN) 1745
Personal name Hester and R M Harrison
650 ## - SUBJECT ADDED ENTRY--TOPICAL TERM
9 (RLIN) 1746
Topical term or geographic name entry element Sustainability and Environmental Impact of Renewable Energy Sources
General subdivision Technology
942 ## - ADDED ENTRY ELEMENTS (KOHA)
Source of classification or shelving scheme
Koha item type Book
Holdings
Withdrawn status Lost status Source of classification or shelving scheme Damaged status Not for loan Permanent Location Current Location Date acquired Source of acquisition Cost, normal purchase price Total Checkouts Full call number Barcode Date last seen Cost, replacement price Price effective from Koha item type
          Pakistan Navy Engineering College (PNEC) Pakistan Navy Engineering College (PNEC) 04/30/2014 Pak Book Corporation 5313.15   333.794 HES PNECLIB-026505 03/12/2015 5313.15 04/30/2014 Book
© 2023 Central Library, National University of Sciences and Technology. All Rights Reserved.